000 01699nam0a2200421 4500
001 RU\NLR\BIBL_A\012346624
005 20240116132750.0
010 _a978-5-907632-99-8
_91500
021 _aRU
_bКН-П-23-072381
_9КН-П-23-7318
035 _a(NLR Aleph) 022097627
035 _a(RuMoRGB)012346624
090 _a12736049
_c12736049
100 _a20211026d2024 u y0rusy50 ca
101 0 _arus
102 _aRU
105 _aа z 000yy
181 0 _ai
_baxxe
182 0 _an
200 1 _aУльтразвуковое исследование молочных желез
_eшаг за шагом. От простого к сложному
_eмонография
_fА. Н. Сенча
203 _aТекст
_bвизуальный
_cнепосредственный
205 _a4-е изд.
210 _aМосква
_cМЕДпресс-информ
_d2024 (печ. 2023)
215 _a179, [1] с.
_cил., цв. ил.
_d25
320 _aБиблиогр. в конце кн.
606 1 _aМолочные железы
_xУльтразвуковые исследования
_92233783
_3RU\NLR\AUTH\661340669
606 1 _aМолочные железы
_xБолезни
_xУльтразвуковая диагностика
_91635545
_3RU\NLR\auth\66722782
675 _a618.19-073.432.19
_v4
686 1 _aР343.39
686 1 _aР457.363.1-433.9
686 1 _aР569.133.1-433.9
700 1 _aСенча
_bА. Н.
_gАлександр Николаевич
801 0 _aRU
_bRuMoRKP
_c20211026
_gPSBO
801 1 _aRU
_bRuMoRGB
_c20211026
801 2 _aRU
_bRuMoRGB
_c20231129
_gPSBO
942 _cBOOK
980 _aNB